Nghiên cứu, học tập tư tưởng Hồ Chí Minh

Nội dung giới thiệu tư tưởng Hồ Chí Minh về xây dựng Đảng và Nhà nước của dân, do dân, vì dân. Về công tác cán bộ, đại đoàn kết dân tộc, xây dựng phát huy kinh tế, về quốc phòng - an ninh, về đạo đức cách mạng, văn hóa, văn nghệ, giá...

全面介紹

Đã lưu trong:
書目詳細資料
格式: 圖書
語言:Undetermined
出版: Thành phố Hồ Chí Minh Tổng hợp Thành phố Hồ Chí Minh 2003
主題:
標簽: 添加標簽
沒有標簽, 成為第一個標記此記錄!
Thư viện lưu trữ: Trung tâm Học liệu Trường Đại học Cần Thơ
LEADER 00963nam a2200181Ia 4500
001 CTU_58254
008 210402s9999 xx 000 0 und d
020 |c 285000 
082 |a 335.4346 
082 |b Ngh305 
245 0 |a Nghiên cứu, học tập tư tưởng Hồ Chí Minh 
260 |a Thành phố Hồ Chí Minh 
260 |b Tổng hợp Thành phố Hồ Chí Minh 
260 |c 2003 
520 |a Nội dung giới thiệu tư tưởng Hồ Chí Minh về xây dựng Đảng và Nhà nước của dân, do dân, vì dân. Về công tác cán bộ, đại đoàn kết dân tộc, xây dựng phát huy kinh tế, về quốc phòng - an ninh, về đạo đức cách mạng, văn hóa, văn nghệ, giáo dục, y tế... 
650 |a Ho Chi Minh ideology 
904 |i Minh,Qhieu đã sửa 
980 |a Trung tâm Học liệu Trường Đại học Cần Thơ